|
|
|
|
| LEADER |
00000nam0a2200000 4500 |
| 001 |
289446 |
| 005 |
20231102000204.0 |
| 020 |
|
|
|a RU
|b 84-7982
|
| 035 |
|
|
|a (RuTPU)RU\TPU\book\313952
|
| 090 |
|
|
|a 289446
|
| 100 |
|
|
|a 20150401d1983 km y0rusy5003 ca
|
| 101 |
0 |
|
|a rus
|
| 102 |
|
|
|a UA
|
| 105 |
|
|
|a a z 001zy
|
| 200 |
1 |
|
|a Современные методы оптимизации композиционных материалов
|f В. А. Вознесенский [и др.]
|
| 210 |
|
|
|a Киев
|c Будiвельник
|d 1983
|
| 215 |
|
|
|a 144 с.
|c ил.
|
| 320 |
|
|
|a Библиогр.: с. 140-142
|
| 606 |
1 |
|
|a Композиционные материалы (материаловедение)
|2 stltpush
|3 (RuTPU)RU\TPU\subj\71565
|9 85422
|
| 610 |
1 |
|
|a оптимизация
|
| 610 |
1 |
|
|a математическое моделирование
|
| 610 |
1 |
|
|a методы
|
| 610 |
1 |
|
|a рецептуры
|
| 610 |
1 |
|
|a анализ
|
| 610 |
1 |
|
|a качество
|
| 610 |
1 |
|
|a надежность
|
| 610 |
1 |
|
|a таблицы
|
| 610 |
1 |
|
|a графики
|
| 610 |
1 |
|
|a формулы
|
| 675 |
|
|
|a 620.22-419.8
|z rus
|v 3
|
| 701 |
|
1 |
|a Вознесенский
|b В. А.
|g Виталий Анатольевич
|
| 701 |
|
1 |
|a Выровой
|b В. Н.
|
| 701 |
|
1 |
|a Керш
|b В. Я.
|
| 701 |
|
1 |
|a Лященко
|b Т. В.
|
| 701 |
|
1 |
|a Азарова
|b С. Я.
|
| 701 |
|
1 |
|a Гризан
|b Ю. М.
|
| 701 |
|
1 |
|a Коваль
|b С. В.
|
| 701 |
|
1 |
|a Можарова
|b Л. А.
|
| 701 |
|
1 |
|a Трофимова
|b Л. Е.
|
| 701 |
|
1 |
|a Шинкевич
|b Е. С.
|
| 801 |
|
0 |
|a RU
|b RuMRKP
|c 19950704
|g psbo
|
| 801 |
|
1 |
|a RU
|b 63413507
|c 20150401
|
| 801 |
|
2 |
|a RU
|b 63413507
|c 20180213
|g RCR
|
| 942 |
|
|
|c BK
|